Slovenskí investori objavujú Východ

Zásady pre úspešné podnikanie v Rusku a na Ukrajine, základné pravidlo: Nepliesť sa do cesty tamojším iligarchom. Skúsenosti slovenských podnikateľov - v týchto krajinách sa dá dosahovať vyššia ziskovosť, nie je tam taká silná a tvrdá konkurencia ako inde v Európe. Investorom pomáhajú ako poradcovia...

Descrizione completa

Salvato in:
Dettagli Bibliografici
Autore principale: Haluza, Ivan
Altri autori: Slovák, Kristian
Natura: Capitolo di libro
Lingua:slovacco
Soggetti:
Tags: Aggiungi Tag
Nessun Tag, puoi essere il primo ad aggiungerne!!

MARC

LEADER 00000naa$a2200000$$$4500
001 0054922
005 20231009072832.5
041 0 |a slo 
044 |a SK 
245 1 0 |a Slovenskí investori objavujú Východ  |c Ivan Haluza, Kristian Slovák 
520 |a Zásady pre úspešné podnikanie v Rusku a na Ukrajine, základné pravidlo: Nepliesť sa do cesty tamojším iligarchom. Skúsenosti slovenských podnikateľov - v týchto krajinách sa dá dosahovať vyššia ziskovosť, nie je tam taká silná a tvrdá konkurencia ako inde v Európe. Investorom pomáhajú ako poradcovia naši ľudia a špecializované agentúry. Pri väčšej investícii nemožno obísť politikov, minimálne regionálnych. Cudzí investor sa tu nesmie pliesť do obchodov, kde ho nechcú. S najmocnejšími oligarchami sa bojovať nedá. Zahraničným investíciám je viac naklonená Ukrajina ako Rusko. . 
610 2 0 |a Slovensko 
610 2 0 |a investície v zahraničí 
610 2 0 |a investori 
610 2 0 |a Rusko 
610 2 0 |a efektívnosť investícií 
100 1 |a Haluza, Ivan 
700 1 |a Slovák, Kristian